[Event "N�-LL 2005/06"]
[Site "?"]
[Date "2005.10.30"]
[Round "4"]
[White "Weiss, Christian"]
[Black "Sulyok, Michael"]
[Result "1-0"]
[WhiteElo "2397"]
[BlackElo "2164"]
[Annotator "P�chlarn : Baden"]
[PlyCount "93"]
[EventDate "2005.09.27"]
[SourceDate "2005.11.02"]

1. d4 f5 2. Bg5 g6 3. Nc3 Bg7 4. e4 fxe4 5. Nxe4 d5 6. Nc3 Nh6 7. Qd2 Nf7 8.
Be3 c6 9. f4 Nd7 10. Nf3 Nf6 11. h3 Nd6 12. Bd3 Bf5 13. Ng5 Qd7 14. O-O h6 15.
Nf3 Nfe4 16. Qe1 g5 17. Ne5 Bxe5 18. fxe5 Nxc3 19. exd6 Bxd3 20. cxd3 Nb5 21.
dxe7 Qxe7 22. Qd2 O-O-O 23. Rae1 Qg7 24. a4 Nc7 25. Bf2 Rhe8 26. Qd1 Rxe1 27.
Rxe1 Re8 28. Qg4+ Qd7 29. Rxe8+ Nxe8 30. Qe2 Nc7 31. Qe5 Qe6 32. Qh8+ Kd7 33.
Qb8 Qe2 34. Qxb7 Qxd3 35. Qxa7 Qa6 36. Qc5 Qxa4 37. Qf8 Qd1+ 38. Kh2 h5 39.
Qf5+ Kd8 40. Be3 Nb5 41. Qxg5+ Kc7 42. Qf4+ Kb7 43. Bf2 Qe2 44. Bg3 Qxb2 45.
Qb8+ Ka6 46. Qc8+ Ka5 47. Qxc6 1-0

[Event "N�-LL 2005/06"]
[Site "?"]
[Date "2005.10.30"]
[Round "4"]
[White "Herdlbauer, Martin"]
[Black "Knoll, Hermann"]
[Result "0-1"]
[WhiteElo "2044"]
[BlackElo "2344"]
[Annotator "P�chlarn : Baden"]
[PlyCount "82"]
[EventDate "2005.09.27"]
[SourceDate "2005.11.02"]

1. e4 e5 2. Nf3 Nc6 3. Bb5 a6 4. Ba4 Nf6 5. O-O Be7 6. Re1 b5 7. Bb3 d6 8. c3
O-O 9. h3 Nb8 10. a4 Bb7 11. axb5 axb5 12. Rxa8 Bxa8 13. d3 Nbd7 14. Be3 h6 15.
Nbd2 c5 16. Nh4 d5 17. exd5 Nxd5 18. Nf5 Bg5 19. Qg4 Nxe3 20. fxe3 Nf6 21. Qe2
g6 22. h4 gxf5 23. hxg5 Ng4 24. g6 Qh4 25. Nf1 c4 26. dxc4 fxg6 27. cxb5+ Kg7
28. Ra1 h5 29. b6 Be4 30. Ra7+ Kh6 31. Bc2 Bxc2 32. Qxc2 f4 33. e4 Qf6 34. Ra6
f3 35. Qd2+ Kh7 36. gxf3 Qxf3 37. Ra7+ Kh8 38. Nh2 Qg3+ 39. Kh1 Nf2+ 40. Qxf2
Rxf2 41. Ra8+ Kg7 0-1

f2
Rxf2 41. Ra8+ Kg7 0-1

[Event "N�-LL 2005/06"]
[Site "?"]
[Date "2005.10.30"]
[Round "4"]
[White "Plachetka, Jan"]
[Black "Hangweyrer, Manfred"]
[Result "1/2-1/2"]
[WhiteElo "2422"]
[BlackElo "2327"]
[Annotator "Stockerau : Bad V�slau/Kottingbrunn"]
[PlyCount "40"]
[EventDate "2005.09.27"]
[SourceDate "2005.11.02"]

1. e4 c5 2. Nf3 Nc6 3. d4 cxd4 4. Nxd4 Nf6 5. Nc3 g6 6. Nxc6 bxc6 7. e5 Ng8 8.
Bc4 Bg7 9. Qf3 f5 10. Bf4 e6 11. O-O-O Qc7 12. Bb3 Rb8 13. h4 Nh6 14. Qg3 Nf7
15. Rhe1 Rb4 16. Kb1 O-O 17. a3 Rxf4 18. Qxf4 Bxe5 19. Qa4 d5 20. Rxe5 Nxe5
1/2-1/2

[Event "N�-LL 2005/06"]
[Site "?"]
[Date "2005.10.30"]
[Round "4"]
[White "Gr�tz, Harald"]
[Black "Borosova, Zuzana"]
[Result "0-1"]
[WhiteElo "2296"]
[BlackElo "2222"]
[Annotator "Stockerau : Bad V�slau/Kottingbrunn"]
[PlyCount "100"]
[EventDate "2005.09.27"]
[SourceDate "2005.11.02"]

1. e4 e5 2. d4 exd4 3. Qxd4 Nc6 4. Qe3 Nf6 5. Bd2 Be7 6. Nc3 d5 7. exd5 Nxd5 8.
Qg3 Ncb4 9. Nxd5 Nxc2+ 10. Kd1 Qxd5 11. Rc1 Bd6 12. Qxg7 Be5 13. Qg5 h6 14. Qh5
Rg8 15. Bc4 Qxc4 16. Qxe5+ Be6 17. Ne2 Rd8 18. Rxc2 Qxa2 19. Nc1 Qa4 20. g3 Rg5
21. b3 Qg4+ 22. Qe2 Re5 23. f3 Qd4 24. Qg2 Bf5 25. Ra2 Kf8 26. Re1 Red5 27. Qe2
Qc3 28. Qe3 Rxd2+ 29. Rxd2 Bc2+ 30. Ke2 Re8 31. Qxe8+ Kxe8 32. Kf2+ Kf8 33.
Rde2 Bg6 34. Kg2 Kg7 35. h4 h5 36. Re3 Qc2+ 37. R3e2 Qc3 38. Re3 Qb4 39. Kf2 a5
40. Ne2 b5 41. Rc1 c5 42. Rec3 c4 43. bxc4 Qc5+ 44. Re3 b4 45. Ra1 Bc2 46. Ra2
b3 47. Rb2 a4 48. Nc3 a3 49. Rxc2 bxc2 50. Na2 Qd4 0-1

[Event "N�-LL 2005/06"]
[Site "?"]
[Date "2005.10.30"]
[Round "4"]
[White "Zojer, Thomas"]
[Black "Schmid, Thomas"]
[Result "1-0"]
[WhiteElo "2044"]
[BlackElo "2085"]
[Annotator "Stockerau : Bad V�slau/Kottingbrunn"]
[PlyCount "113"]
[EventDate "2005.09.27"]
[SourceDate "2005.11.02"]

1. d4 Nf6 2. Nf3 g6 3. c4 Bg7 4. Nc3 O-O 5. e4 d6 6. Be2 e5 7. O-O Nc6 8. d5
Ne7 9. Ne1 Nd7 10. Nd3 f5 11. a3 Nf6 12. f3 f4 13. b4 g5 14. Re1 Rf7 15. Bb2
Ng6 16. c5 h5 17. Rc1 g4 18. Bf1 Bf8 19. Kh1 Nh7 20. Re2 Qh4 21. cxd6 cxd6 22.
Rec2 g3 23. h3 Ng5 24. Nb5 Nxh3 25. gxh3 Bxh3 26. Kg1 Bd7 27. Nc3 Rh7 28. a4
Qd8 29. Nb5 h4 30. Nc7 Rb8 31. Ne6 Qb6+ 32. Bd4 exd4 33. a5 Qb5 34. Nxd4 Qa6
35. Nxf4 b5 36. Nxg6 Bh6 37. f4 Kg7 38. Nxh4 Bxf4 39. Nhf5+ Kh8 40. Rb1 Re8 41.
Bg2 Qb7 42. Rb3 Rg8 43. Rbc3 Be5 44. Rc7 Qb8 45. Ne6 a6 46. R2c6 Rc8 47. Rb6
Qa8 48. Rxc8+ Bxc8 49. Nxd6 Bd7 50. Nf5 Qa7 51. Ng5 Bxf5 52. exf5 Rh4 53. Nf3
Rh6 54. Nxe5 Rxb6 55. Qd4 Rb7 56. Qxa7 Rxa7 57. d6 1-0

[Event "N�-LL 2005/06"]
[Site "?"]
[Date "2005.10.30"]
[Round "4"]
[White "Batyte, Daiva"]
[Black "Szvetits, Rene"]
[Result "1-0"]
[WhiteElo "2180"]
[BlackElo "2046"]
[Annotator "Stockerau : Bad V�slau/Kottingbrunn"]
[PlyCount "75"]
[EventDate "2005.09.27"]
[SourceDate "2005.11.02"]

1. e4 c6 2. d4 d5 3. e5 Bf5 4. Bd3 Bxd3 5. Qxd3 e6 6. Nh3 Nd7 7. Ng5 c5 8. c3
Rc8 9. O-O Be7 10. Qg3 g6 11. Na3 cxd4 12. Nb5 Bc5 13. cxd4 a6 14. dxc5 axb5
15. Qf4 Qe7 16. Be3 h5 17. Nf3 Nh6 18. Nd4 Nf5 19. Nxb5 O-O 20. Nd6 Rc6 21. b4
f6 22. Nxf5 gxf5 23. exf6 Nxf6 24. Bd4 Qg7 25. Rfe1 Kf7 26. b5 Rg8 27. g3 Rcc8
28. Qd6 Rce8 29. c6 bxc6 30. bxc6 h4 31. Rab1 Qg4 32. Bxf6 h3 33. Rb7+ Kxf6 34.
Qe5+ Kg6 35. Qc7 f4 36. Qh7+ Kf6 37. Rf7+ Kg5 38. Re5+ 1-0

[Event "N�-LL 2005/06"]
[Site "?"]
[Date "2005.10.30"]
[Round "4"]
[White "Heimberger, Reinhard"]
[Black "Weissenbeck, Manuel"]
[Result "1/2-1/2"]
[WhiteElo "2268"]
[BlackElo "2248"]
[Annotator "B�hlerwerk : Mauerbach"]
[PlyCount "51"]
[EventDate "2005.09.27"]
[SourceDate "2005.11.02"]

1. g3 Nf6 2. Bg2 e5 3. e4 Bc5 4. c3 Nc6 5. Ne2 d6 6. d4 Bb6 7. h3 O-O 8. O-O
Re8 9. d5 Ne7 10. Nd2 c6 11. dxc6 bxc6 12. Nc4 Bc7 13. Bg5 Be6 14. Ne3 Nd7 15.
g4 f6 16. Bh4 Rb8 17. Qd2 Bf7 18. c4 a5 19. Rac1 Nc5 20. Nf5 Nxf5 21. exf5 Qd7
22. Ng3 e4 23. Rc2 Bb6 24. Re1 d5 25. Bf1 Qa7 26. cxd5 1/2-1/2

[Event "N�-LL 2005/06"]
[Site "?"]
[Date "2005.10.30"]
[Round "4"]
[White "Penz, Harald"]
[Black "Brandst�tter, Friedrich"]
[Result "1-0"]
[WhiteElo "2283"]
[BlackElo "2108"]
[Annotator "B�hlerwerk : Mauerbach"]
[PlyCount "35"]
[EventDate "2005.09.27"]
[SourceDate "2005.11.02"]

1. e4 c5 2. g3 Nc6 3. Bg2 g6 4. f4 Bg7 5. Nf3 d6 6. d3 e5 7. c3 Nge7 8. O-O O-O
9. Be3 b6 10. Na3 d5 11. Nxe5 Nxe5 12. fxe5 d4 13. cxd4 cxd4 14. Bg5 Qd7 15.
Rc1 Nc6 16. e6 Qxe6 17. Rxc6 Qxc6 18. e5 1-0

[Event "N�-LL 2005/06"]
[Site "?"]
[Date "2005.10.30"]
[Round "4"]
[White "Neubauer, Martin"]
[Black "Mahdy, Khaled"]
[Result "1/2-1/2"]
[WhiteElo "2444"]
[BlackElo "2337"]
[Annotator "Waidhofen : Ybbs"]
[PlyCount "65"]
[EventDate "2005.09.27"]
[SourceDate "2005.11.05"]

1. e4 e5 2. Nf3 Nc6 3. d4 exd4 4. Nxd4 Bc5 5. Be3 Qf6 6. c3 Nge7 7. g3 O-O 8.
Bg2 Rd8 9. O-O Bb6 10. Nc2 Ne5 11. Nba3 d5 12. Bxb6 Qxb6 13. Qd4 N5c6 14. Qxb6
cxb6 15. exd5 Nxd5 16. Rad1 Be6 17. Nb5 Nde7 18. Nc7 Rxd1 19. Rxd1 Rd8 20.
Rxd8+ Nxd8 21. Nxe6 Nxe6 22. Na3 Nc5 23. Nb5 a6 24. Nd6 Na4 25. Bxb7 Nxb2 26.
Bxa6 Nd5 27. c4 Nb4 28. Bb5 Nxa2 29. Nc8 Nc3 30. Nxb6 Kf8 31. Nc8 Nd3 32. Kg2
g6 33. f4 {Rest nicht lesbar} 1/2-1/2

[Event "N�-LL 2005/06"]
[Site "?"]
[Date "2005.10.30"]
[Round "4"]
[White "Posch, Roland"]
[Black "Kropik, Martin"]
[Result "1/2-1/2"]
[WhiteElo "2066"]
[BlackElo "2112"]
[Annotator "Waidhofen : Ybbs"]
[PlyCount "27"]
[EventDate "2005.09.27"]
[SourceDate "2005.11.05"]

1. e4 c5 2. Nf3 Nc6 3. c3 e5 4. Bb5 Qc7 5. O-O Nf6 6. d3 Be7 7. Nbd2 O-O 8. Nc4
d6 9. Ne3 a6 10. Bc4 b5 11. Nd5 Nxd5 12. Bxd5 Bg4 13. Bxc6 Bxf3 14. Qxf3
1/2-1/2

[Event "N�-LL 2005/06"]
[Site "?"]
[Date "2005.10.30"]
[Round "4"]
[White "Rosenauer, Harald"]
[Black "Ehs, Christian"]
[Result "1/2-1/2"]
[WhiteElo "1956"]
[BlackElo "1923"]
[Annotator "Waidhofen : Ybbs"]
[PlyCount "49"]
[EventDate "2005.09.27"]
[SourceDate "2005.11.05"]

1. Nc3 e5 2. e4 Nf6 3. g3 d5 4. exd5 Nxd5 5. Bg2 Nxc3 6. bxc3 Bd6 7. d3 c6 8.
Nf3 O-O 9. O-O Bg4 10. h3 Bh5 11. g4 Bg6 12. Ng5 Na6 13. Rb1 Rb8 14. Ne4 Bxe4
15. Bxe4 Nc5 16. Bg2 f5 17. gxf5 Rxf5 18. Qg4 Qf8 19. d4 Ne6 20. d5 Nc5 21.
dxc6 bxc6 22. Rxb8 Bxb8 23. Be3 Bd6 24. Rd1 Rf6 25. Kh1 1/2-1/2

[Event "N�-LL 2005/06"]
[Site "?"]
[Date "2005.10.30"]
[Round "4"]
[White "Volkmann, Friedrich"]
[Black "Lehner, Oliver"]
[Result "1/2-1/2"]
[WhiteElo "2416"]
[BlackElo "2415"]
[Annotator "St.P�lten : Wr.Neustadt"]
[PlyCount "57"]
[EventDate "2005.09.27"]
[SourceDate "2005.11.05"]

1. e4 e5 2. Nf3 Nc6 3. Bb5 a6 4. Ba4 Nf6 5. O-O Be7 6. Re1 b5 7. Bb3 d6 8. c3
O-O 9. h3 Na5 10. Bc2 c5 11. d4 Qc7 12. d5 Nc4 13. a4 bxa4 14. Rxa4 Nb6 15. Ra2
Bd7 16. Nbd2 a5 17. Nf1 Rfb8 18. g4 a4 19. Ng3 g6 20. Kh2 Rb7 21. g5 Ne8 22.
Rg1 Ng7 23. Ne1 Rf8 24. Nd3 f6 25. gxf6 Bxf6 26. Qd2 Bc8 27. Qh6 Qd7 28. Rg2
Rf7 29. Ra1 1/2-1/2

[Event "N�-LL 2005/06"]
[Site "?"]
[Date "2005.10.30"]
[Round "4"]
[White "Ganaus, Hannes"]
[Black "Schroll, Gerhard"]
[Result "0-1"]
[WhiteElo "2368"]
[BlackElo "2341"]
[Annotator "St.P�lten : Wr.Neustadt"]
[PlyCount "39"]
[EventDate "2005.09.27"]
[SourceDate "2005.11.05"]

1. d4 d5 2. c4 e6 3. Nc3 Nf6 4. cxd5 exd5 5. Bg5 c6 6. e3 Be7 7. Qc2 Nbd7 8.
Nf3 O-O 9. Bd3 Re8 10. O-O Nf8 11. a3 Ng6 12. Bxf6 Bxf6 13. b4 Qd6 14. Rfc1 a6
15. Rab1 Bd8 16. Bf5 Bxf5 17. Qxf5 Bc7 18. Qh3 Re7 19. a4 Ree8 20. b5 {
Rest nicht lesbar} 0-1

[Event "N�-LL 2005/06"]
[Site "?"]
[Date "2005.10.30"]
[Round "4"]
[White "Steiner, Adam"]
[Black "Denk, Adolf"]
[Result "*"]
[WhiteElo "2131"]
[BlackElo "2255"]
[Annotator "St.P�lten : Wr.Neustadt"]
[PlyCount "77"]
[EventDate "2005.09.27"]
[SourceDate "2005.11.05"]

1. e4 d6 2. d4 g6 3. Nc3 Bg7 4. f4 e6 5. Nf3 Ne7 6. Be3 b6 7. Bd3 Bb7 8. O-O
Nd7 9. f5 exf5 10. exf5 Nf6 11. Qd2 Qd7 12. Ng5 gxf5 13. Rae1 h6 14. Qe2 hxg5
15. Bxg5 Kf8 16. Rf4 Re8 17. Qf2 Bc8 18. Rf1 d5 19. g4 Ne4 20. Nxe4 dxe4 21.
Rxe4 f6 22. gxf5 Bb7 23. Re5 fxg5 24. Bb5 Bxe5 25. Bxd7 Bxh2+ 26. Qxh2 Rxh2 27.
Kxh2 Rd8 28. Be6 Rxd4 29. f6 Ng6 30. Rf2 Rf4 31. Rd2 Rxf6 32. Bc4 Rd6 33. Rf2+
Nf4 34. Kg3 Kg7 35. Kg4 Kf6 36. Rf1 Bc8+ 37. Kg3 Rd2 38. Rg1 Rxc2 39. Re1 *

[Event "N�-LL 2005/06"]
[Site "?"]
[Date "2005.10.30"]
[Round "4"]
[White "R�hrl, Karl"]
[Black "Wiedner, Robert"]
[Result "1/2-1/2"]
[WhiteElo "2223"]
[BlackElo "2172"]
[Annotator "St.P�lten : Wr.Neustadt"]
[PlyCount "46"]
[EventDate "2005.09.27"]
[SourceDate "2005.11.05"]

1. d4 Nf6 2. c4 e6 3. Nf3 b6 4. g3 Ba6 5. Qa4 Bb7 6. Bg2 c5 7. O-O cxd4 8. Nxd4
Bxg2 9. Kxg2 Bc5 10. Nf3 Qc8 11. Nc3 O-O 12. Bg5 Be7 13. Rac1 h6 14. Bf4 Qb7
15. Rfd1 Na6 16. Bd6 Nc5 17. Qc2 Bxd6 18. Rxd6 Nce4 19. Rd4 Nxc3 20. Qxc3 d5
21. cxd5 Rac8 22. Rc4 Nxd5 23. Qe5 Nf6 1/2-1/2

[Event "N�-LL 2005/06"]
[Site "?"]
[Date "2005.10.30"]
[Round "4"]
[White "Trkulja, Zoran"]
[Black "Rumpl, Erwin"]
[Result "1-0"]
[WhiteElo "2226"]
[BlackElo "2290"]
[Annotator "Amstetten : Korneuburg"]
[PlyCount "77"]
[EventDate "2005.09.27"]
[SourceDate "2005.11.05"]

1. e4 c6 2. d4 d5 3. e5 c5 4. dxc5 Nc6 5. Nf3 Bg4 6. Bb5 e6 7. b4 a5 8. c3 Bxf3
9. Qxf3 Nge7 10. O-O h6 11. Re1 g5 12. Nd2 Bg7 13. Qh5 Kf8 14. Bxc6 Nxc6 15.
Nf3 Qc7 16. b5 Nxe5 17. Nxe5 Bxe5 18. Bd2 Kg7 19. Rac1 Bf6 20. Be3 a4 21. b6
Qb8 22. Rf1 a3 23. f4 Ra4 24. Bd4 Rxd4 25. cxd4 Bxd4+ 26. Kh1 gxf4 27. Qg4+ Kf8
28. c6 bxc6 29. Rxc6 Rg8 30. Qh5 Rg6 31. Qf3 Qb7 32. Qxa3+ Kg7 33. Rfc1 Be3 34.
R1c2 Qb8 35. Qd6 Qxd6 36. Rxd6 f3 37. b7 Rf6 38. gxf3 Rg6 39. Rg2 1-0

[Event "N�-LL 2005/06"]
[Site "?"]
[Date "2005.10.30"]
[Round "4"]
[White "Wadsack, Wolfgang"]
[Black "Stanivukovic, Drago"]
[Result "1/2-1/2"]
[WhiteElo "2219"]
[BlackElo "2080"]
[Annotator "Amstetten : Korneuburg"]
[PlyCount "38"]
[EventDate "2005.09.27"]
[SourceDate "2005.11.05"]

1. e4 c5 2. c3 d6 3. d4 Nf6 4. dxc5 Nc6 5. f3 dxc5 6. Qxd8+ Nxd8 7. Be3 e5 8.
Na3 a6 9. Nc4 Nc6 10. Nb6 Rb8 11. O-O-O Be6 12. Nd5 Rc8 13. g4 Nd7 14. Kb1 b5
15. a4 c4 16. axb5 axb5 17. b4 Be7 18. Bh3 Bd8 19. Rd2 Ra8 1/2-1/2

[Event "N�-LL 2005/06"]
[Site "?"]
[Date "2005.10.30"]
[Round "4"]
[White "Ebner, Johann"]
[Black "Wadsack, Winfried"]
[Result "1-0"]
[WhiteElo "2030"]
[BlackElo "2119"]
[Annotator "Amstetten : Korneuburg"]
[PlyCount "73"]
[EventDate "2005.09.27"]
[SourceDate "2005.11.05"]

1. d4 d5 2. c4 dxc4 3. Nf3 Nf6 4. Nc3 Bf5 5. e3 e6 6. Bxc4 a6 7. a4 c5 8. O-O
Nc6 9. h3 Qb6 10. dxc5 Bxc5 11. Qe2 O-O-O 12. Bd2 Bg6 13. a5 Qa7 14. Na4 Bh5
15. Rfc1 Bxf3 16. gxf3 Nd7 17. Nxc5 Nxc5 18. b4 Nd7 19. b5 axb5 20. Bxb5 Nde5
21. Bc3 Kb8 22. a6 Rd5 23. axb7 Qxb7 24. Bxc6 Nxc6 25. Rab1 Rc8 26. Rxb7+ Kxb7
27. Qb2+ Kc7 28. Be5+ Kd8 29. Qb6+ Ke7 30. Qb7+ Rd7 31. Qxc8 Nxe5 32. f4 Nf3+
33. Kh1 h6 34. Rc7 Rxc7 35. Qxc7+ Kf6 36. Qc3+ Kg6 37. e4 1-0

[Event "N�-LL 2005/06"]
[Site "?"]
[Date "2005.10.30"]
[Round "4"]
[White "Dumancic, Pero"]
[Black "Hirsch, Andreas"]
[Result "0-1"]
[WhiteElo "2089"]
[BlackElo "2003"]
[Annotator "Amstetten : Korneuburg"]
[PlyCount "74"]
[EventDate "2005.09.27"]
[SourceDate "2005.11.05"]

1. e4 d6 2. d4 Nf6 3. Bd3 Nc6 4. c3 e5 5. d5 Ne7 6. h3 Ng6 7. Nf3 Be7 8. c4 O-O
9. Nc3 Nh5 10. g3 Bd7 11. Ng1 Nf6 12. h4 Bg4 13. f3 Nh5 14. fxg4 Nxg3 15. Rh2
Bxh4 16. Kd2 c6 17. Nf3 cxd5 18. Nxd5 b5 19. cxb5 Rc8 20. Nc3 d5 21. Nxd5 Bg5+
22. Nxg5 Qxg5+ 23. Ke1 Nf4 24. Bxf4 exf4 25. Qf3 Rfd8 26. Rd1 Rxd5 27. exd5
Re8+ 28. Kf2 h5 29. gxh5 Re3 30. Qg2 Qg4 31. Rd2 Rxd3 32. Kg1 Re3 33. Rh3 Re1+
34. Kh2 Nf1+ 35. Kg1 Ne3+ 36. Kh2 Nxg2 37. Rxg2 Qd1 0-1

[Event "N�-LL 2005/06"]
[Site "?"]
[Date "2005.11.13"]
[Round "5"]
[White "Wukits, Rene"]
[Black "Trkulja, Zoran"]
[Result "1/2-1/2"]
[WhiteElo "2329"]
[BlackElo "2226"]
[Annotator "Korneuburg : Ternitz/Gloggnitz"]
[PlyCount "61"]
[EventDate "2005.09.27"]
[SourceDate "2005.11.14"]

1. e4 e6 2. d4 d5 3. Nd2 Nf6 4. e5 Nfd7 5. Ngf3 c5 6. c4 cxd4 7. cxd5 exd5 8.
Bb5 a6 9. Ba4 Bc5 10. O-O O-O 11. Bc2 d3 12. Bxd3 Be7 13. Nb3 Nc6 14. Re1 Nc5
15. Nxc5 Bxc5 16. Bxh7+ Kxh7 17. Qc2+ Kg8 18. Qxc5 Bg4 19. Bg5 Qa5 20. Qe3 Rfe8
21. Qf4 Bxf3 22. gxf3 d4 23. b4 Qd5 24. Bf6 gxf6 25. Qg4+ Kh7 26. Qh3+ Kg8 27.
Qg3+ Kh7 28. Qh4+ Kg8 29. Qg4+ Kh7 30. Qh5+ Kg8 31. Qg4+ 1/2-1/2

[Event "N�-LL 2005/06"]
[Site "?"]
[Date "2005.11.13"]
[Round "5"]
[White "Hirsch"]
[Black "Degen, Gerhard"]
[Result "0-1"]
[WhiteElo "2003"]
[BlackElo "2117"]
[Annotator "Korneuburg : Ternitz/Gloggnitz"]
[PlyCount "90"]
[EventDate "2005.09.27"]
[SourceDate "2005.11.14"]

1. e4 c6 2. d4 d5 3. e5 c5 4. dxc5 Nc6 5. Bf4 e6 6. Nd2 Bxc5 7. Qg4 Kf8 8. Bd3
Nge7 9. Ngf3 Ng6 10. c3 Qc7 11. Bxg6 hxg6 12. O-O Be7 13. b4 b5 14. a4 Qb7 15.
Bg5 f6 16. exf6 gxf6 17. Be3 g5 18. axb5 Qxb5 19. Nb3 f5 20. Qg3 f4 21. Bxf4
gxf4 22. Qxf4+ Ke8 23. Rfe1 Qb8 24. Qg4 Kf7 25. h4 e5 26. Ng5+ Ke8 27. Qg3 e4
28. f4 Bf5 29. Ra6 Qb5 30. Rea1 Kd7 31. Qe3 Rxh4 32. Rxc6 Qxc6 33. Nd4 Qg6 34.
Nxf5 Qxf5 35. Rxa7+ Rxa7 36. Qxa7+ Ke8 37. Qa8+ Bd8 38. Qc6+ Ke7 39. Qc5+ Kd7
40. Qb5+ Kc7 41. Qa5+ Kc8 42. Qa8+ Kd7 43. Qb7+ Bc7 44. b5 Rh6 45. c4 e3 0-1

[Event "N�-LL 2005/06"]
[Site "?"]
[Date "2005.11.13"]
[Round "5"]
[White "Braun, Karl Heinz"]
[Black "Stanivukovic"]
[Result "1-0"]
[WhiteElo "2103"]
[BlackElo "2080"]
[Annotator "Korneuburg : Ternitz/Gloggnitz"]
[PlyCount "89"]
[EventDate "2005.09.27"]
[SourceDate "2005.11.14"]

1. e4 c5 2. Nf3 d6 3. g3 e5 4. Bg2 Nf6 5. d3 h6 6. c3 Nc6 7. h3 Be6 8. Qe2 b5
9. Nbd2 Rb8 10. O-O Qc8 11. Kh2 g5 12. Rh1 a5 13. Nf1 b4 14. Ne3 a4 15. Bd2
bxc3 16. Bxc3 Nd4 17. Qd1 Qd7 18. Nd2 h5 19. Ndc4 Bh6 20. Rb1 g4 21. h4 Ke7 22.
Rf1 Rb7 23. Nf5+ Nxf5 24. exf5 Bd5 25. Re1 Bf3 26. Bxf3 gxf3 27. Qxf3 Ng4+ 28.
Kg1 Bg7 29. Re2 Rhb8 30. Rbe1 f6 31. Na5 Rc7 32. Qg2 Kf8 33. f3 Nh6 34. g4 hxg4
35. fxg4 d5 36. b3 Ra7 37. bxa4 Qxa4 38. Nb3 Nxg4 39. Nxc5 Qa3 40. Ne6+ Kg8 41.
Bd2 Ra4 42. d4 Rb6 43. Qxg4 Rxe6 44. fxe6 Rxd4 45. Qxd4 1-0

[Event "N�-LL 2005/06"]
[Site "?"]
[Date "2005.11.13"]
[Round "5"]
[White "Ebner"]
[Black "Zuser, Franz"]
[Result "0-1"]
[WhiteElo "2030"]
[BlackElo "2073"]
[Annotator "Korneuburg : Ternitz/Gloggnitz"]
[PlyCount "76"]
[EventDate "2005.09.27"]
[SourceDate "2005.11.14"]

1. d4 d6 2. c4 e5 3. e3 Be7 4. Nc3 Nf6 5. Nf3 exd4 6. exd4 Nc6 7. Be2 O-O 8.
O-O d5 9. c5 Ne4 10. Ne1 Nxc3 11. bxc3 Bf5 12. Nc2 Na5 13. Ne3 Be6 14. f4 b6
15. f5 Bc8 16. Nxd5 Qxd5 17. Bf3 Qc4 18. Bxa8 Ba6 19. Re1 Bh4 20. g3 Rxa8 21.
gxh4 Qd5 22. Qg4 Bb7 23. Kf2 h5 24. Qg3 Qxf5+ 25. Qf4 Qd5 26. Qg3 bxc5 27. Re5
Qc4 28. Bh6 g6 29. Rxc5 Qa4 30. Qe5 Qc2+ 31. Ke1 f6 32. Qe2 Qa4 33. Qe6+ Kh7
34. Rxc7+ Kxh6 35. Qe3+ g5 36. hxg5+ fxg5 37. Re7 Qc6 38. Ke2 Qg2+ 0-1

[Event "N�-LL 2005/06"]
[Site "?"]
[Date "2005.11.13"]
[Round "5"]
[White "Lehner, Oliver"]
[Black "Neubauer, Martin"]
[Result "0-1"]
[WhiteElo "2415"]
[BlackElo "2444"]
[Annotator "Ybbs : St.P�lten"]
[PlyCount "62"]
[EventDate "2005.09.27"]
[SourceDate "2005.11.15"]

1. Nf3 g6 2. e4 d6 3. c4 Bg7 4. d4 Bg4 5. Be2 Nc6 6. Nbd2 Nf6 7. d5 Nb8 8. O-O
O-O 9. Ne1 Bxe2 10. Qxe2 Re8 11. Nd3 e6 12. dxe6 Rxe6 13. f3 c6 14. Nb3 d5 15.
cxd5 cxd5 16. Nf4 Re8 17. Rd1 a5 18. Be3 a4 19. Nc1 a3 20. Rb1 Qe7 21. Nxd5
Nxd5 22. Rxd5 axb2 23. Nd3 Rxa2 24. Nxb2 Nc6 25. Rd2 Qb4 26. g3 Rea8 27. Rc2
R8a3 28. Kg2 Rc3 29. Rxc3 Qxc3 30. Bc1 Nd4 31. Qd1 Qc2+ 0-1

[Event "N�-LL 2005/06"]
[Site "?"]
[Date "2005.11.13"]
[Round "5"]
[White "Koller, Hubert"]
[Black "Ganaus, Hannes"]
[Result "0-1"]
[WhiteElo "2078"]
[BlackElo "2368"]
[Annotator "Ybbs : St.P�lten"]
[PlyCount "108"]
[EventDate "2005.09.27"]
[SourceDate "2005.11.15"]

1. e4 g6 2. d4 Bg7 3. Nf3 d6 4. h3 a6 5. a4 b6 6. Be2 Bb7 7. Nbd2 Nd7 8. O-O e5
9. d5 Ngf6 10. Re1 O-O 11. Bf1 Nh5 12. c4 a5 13. Nb1 h6 14. Nc3 Nc5 15. Be3 Bc8
16. Ra3 Kh7 17. g3 Bd7 18. Bg2 Be8 19. Qc2 Kh8 20. Nh4 Nf4 21. Bf1 Bd7 22. Kh2
Nh5 23. Bg2 Kh7 24. Qe2 Nf4 25. gxf4 Qxh4 26. Qd2 f5 27. fxe5 Bxe5+ 28. f4 Bxc3
29. Rxc3 Nxe4 30. Bxe4 fxe4 31. Bf2 Qxf4+ 32. Qxf4 Rxf4 33. Bg3 Rf7 34. Rxe4
Bxa4 35. c5 b5 36. cxd6 cxd6 37. Re6 b4 38. Rce3 Rd8 39. b3 Bb5 40. Bxd6 g5 41.
Kg3 Rc8 42. Be5 Bd7 43. Rf6 Rxf6 44. Bxf6 Kg6 45. Bd4 h5 46. h4 a4 47. Re7
gxh4+ 48. Kxh4 axb3 49. Rg7+ Kh6 50. Rxd7 Rc4 51. Rd6+ Kh7 52. Kxh5 Rxd4 53.
Rd7+ Kg8 54. Kg6 Rg4+ 0-1

[Event "N�-LL 2005/06"]
[Site "?"]
[Date "2005.11.13"]
[Round "5"]
[White "Denk, Adolf"]
[Black "Kreischer"]
[Result "1-0"]
[WhiteElo "2255"]
[BlackElo "2099"]
[Annotator "Ybbs : St.P�lten"]
[PlyCount "35"]
[EventDate "2005.09.27"]
[SourceDate "2005.11.15"]

1. c4 Nf6 2. Nc3 d5 3. cxd5 Nxd5 4. g3 c6 5. Bg2 e6 6. Nf3 Be7 7. O-O O-O 8. d4
Nd7 9. e4 N5f6 10. b3 b6 11. Bb2 Bb7 12. Qd3 Qc7 13. Rac1 Rad8 14. e5 Nxe5 15.
Nxe5 Qxe5 16. dxe5 Rxd3 17. exf6 Bxf6 18. Rfd1 1-0

[Event "N�-LL 2005/06"]
[Site "?"]
[Date "2005.11.13"]
[Round "5"]
[White "Steiner, Heinz"]
[Black "R�hrl, Karl"]
[Result "0-1"]
[WhiteElo "2114"]
[BlackElo "2223"]
[Annotator "Ybbs : St.P�lten"]
[PlyCount "60"]
[EventDate "2005.09.27"]
[SourceDate "2005.11.15"]

1. d4 g6 2. Nf3 Bg7 3. c4 d6 4. Nc3 Nc6 5. g3 e5 6. d5 Nce7 7. Bg2 h6 8. O-O f5
9. Ne1 Nf6 10. Nd3 O-O 11. c5 g5 12. cxd6 cxd6 13. Qb3 Kh8 14. Bd2 e4 15. Nb4
Nd7 16. Nc2 b6 17. Qa3 Ne5 18. Qb3 Bb7 19. Nd4 Qc8 20. Be3 f4 21. gxf4 gxf4 22.
Bxf4 Rxf4 23. Ne6 Rg4 24. Kh1 Bxd5 25. Nxd5 Qxe6 26. Nxe7 Qxe7 27. Qd5 Rf8 28.
Bxe4 Qh4 29. f3 Rg5 30. Rg1 Nxf3 0-1

[Event "N�-LL 2005/06"]
[Site "?"]
[Date "2005.11.13"]
[Round "5"]
[White "Knoll, Hermann"]
[Black "Zojer, Stefan"]
[Result "1-0"]
[WhiteElo "2344"]
[BlackElo "1984"]
[Annotator "Bad V�slau/Kottingbrunn : P�chlarn"]
[PlyCount "53"]
[EventDate "2005.09.27"]
[SourceDate "2005.11.16"]

1. d4 f5 2. g3 Nf6 3. Bg2 g6 4. Nh3 Bg7 5. c3 O-O 6. Qb3+ d5 7. Nf4 c6 8. O-O
Qe8 9. Nd3 Nbd7 10. Bf4 h6 11. c4 Nb6 12. c5 Nbd7 13. Nc3 g5 14. Bc7 Nh5 15. e3
f4 16. exf4 gxf4 17. Bxf4 Ndf6 18. Rad1 Ng4 19. Be5 Nhf6 20. h3 Nxe5 21. Nxe5
Qh5 22. g4 Qe8 23. f4 Nh7 24. Rde1 h5 25. f5 hxg4 26. hxg4 Ng5 27. Qd1 1-0